00550nam a2200193 a 4500001001300000003000900013005001700022008004100039020001000080082001500090100001700105245006200122260004500184300000900229500003500238505004000273650002600313700001700339nice12345678IN_TiNIC20260116015126.0050524s1948 newa grp 000 0 eng  ac16800a232.2bBAI aBaillie, D M aGod Was in Christb an Essay on Incarnation and Atonement aNew YorkbCharles Scribner`s Sons,c1948 a230p aincludes index and biblioraphy2 aAppendix to Chaptwer 2 and 3, Index aJesus Christ-Divinity1 aBaillie, D M